| 000 -LEADER |
| fixed length control field |
01253nam a22002777a 4500 |
| 005 - DATE AND TIME OF LATEST TRANSACTION |
| control field |
20260416124124.0 |
| 008 - FIXED-LENGTH DATA ELEMENTS--GENERAL INFORMATION |
| fixed length control field |
260416b xxu||||| |||| 00| 0 eng d |
| 040 ## - CATALOGING SOURCE |
| Transcribing agency |
Cagayan State University |
| 082 ## - DEWEY DECIMAL CLASSIFICATION NUMBER |
| Classification number |
791.4372 |
| Item number |
Ag265 2025 |
| 245 ## - TITLE STATEMENT |
| Title |
The age of disclosure / |
| Statement of responsibility, etc |
directed and written by Dan Farah ; produced by Dan Farah, Luis Elizondo and Andrew Farah. |
| 260 ## - PUBLICATION, DISTRIBUTION, ETC. (IMPRINT) |
| Place of publication, distribution, etc |
United States : |
| Name of publisher, distributor, etc |
Farah Films, |
| Date of publication, distribution, etc |
2025. |
| 300 ## - PHYSICAL DESCRIPTION |
| Extent |
1 videofile (ca. 109 minutes) : |
| Other physical details |
sound, color. |
| 500 ## - GENERAL NOTE |
| General note |
Summary taken from IMDB.com. |
| 520 ## - SUMMARY, ETC. |
| Summary, etc |
Featuring 34 U.S. Government insiders, this explosive documentary reveals an 80-year global cover-up of non-human intelligent life and a secret war among major nations to reverse engineer advanced technology of non-human origin. |
| 521 ## - TARGET AUDIENCE NOTE |
| Target audience note |
For age 16 and interested in UAP/UFO research, government transparency, and national security. |
| 650 ## - SUBJECT ADDED ENTRY--TOPICAL TERM |
| Source of heading or term |
Documentary |
| 655 ## - INDEX TERM--GENRE/FORM |
| Genre/form data or focus term |
Investigative journalism |
| 655 ## - INDEX TERM--GENRE/FORM |
| Genre/form data or focus term |
Conspiracy documentary |
| 700 ## - ADDED ENTRY--PERSONAL NAME |
| Personal name |
Farah, Dan, director, writer and producer. |
| 700 ## - ADDED ENTRY--PERSONAL NAME |
| Personal name |
Elizondo, Luis, producer. |
| 700 ## - ADDED ENTRY--PERSONAL NAME |
| Personal name |
Andrew, Farah, producer. |
| 700 ## - ADDED ENTRY--PERSONAL NAME |
| Personal name |
Stratton, Jay, star. |
| 700 ## - ADDED ENTRY--PERSONAL NAME |
| Personal name |
Elizondo, Luis, star. |
| 700 ## - ADDED ENTRY--PERSONAL NAME |
| Personal name |
Puthoff, Harold, star. |
| 942 ## - ADDED ENTRY ELEMENTS (KOHA) |
| Source of classification or shelving scheme |
|
| Item type |
Audio-Visual Materials |